Taylor Swift - Paroles Tell Me Why - Statistiques

Statistiques générales
  • Ce quiz a été pris 10 fois
  • Le résultat moyen est 335 sur 349
Statistiques - réponses
Hint Réponse % Correct
a
100%
And
100%
and
100%
are
100%
around
100%
attitude
100%
believe
100%
bulletproof,
100%
bulletproof
100%
but
100%
But
100%
can
100%
confused
100%
day
100%
do
100%
doing
100%
don't
100%
down
100%
dreams
100%
feel
100%
feeling
100%
get
100%
go
100%
got
100%
have
100%
here
100%
here's
100%
Here's
100%
Couplet 1 | Outro I
100%
I'm
100%
in
100%
inside?
100%
I've
100%
know
100%
last
100%
like
100%
love
100%
love,
100%
make
100%
me
100%
me,
100%
might
100%
mind?
100%
my
100%
night
100%
no
100%
not
100%
of
100%
oh
100%
on
100%
one
100%
only
100%
push
100%
put
100%
reasons
100%
remember
100%
said
100%
say,
100%
see
100%
sick
100%
small
100%
so
100%
So
100%
tell
100%
Tell
100%
that
100%
the
100%
then
100%
thing
100%
think
100%
tired
100%
to
100%
want
100%
Couplet 2 | Refrain Well,
100%
what
100%
when
100%
who
100%
why
100%
Bridge Why
100%
why,
100%
why?
100%
you
100%
You
100%
your
100%
you're
100%
book
83%
chance,
83%
could
83%
cut
83%
for
83%
Forget
83%
from
83%
frustrated
83%
ground,
83%
How
83%
it
83%
need
83%
Now
83%
perfect
83%
ruin
83%
someone's
83%
swing,
83%
temper
83%
told
83%
took
83%
trying
83%
whole
83%
write
83%
ask
67%
back,
67%
hard
67%
heartbeat
67%
let
67%
Makes
67%
mean
67%
shot
67%
step
67%
take
67%
Yes,
67%
cover
50%
run
50%
streak
50%
Aucun quiz correspondant
Distribution des résultats
% des personnes avec chaque résultat
Percentile par nombre de réponses
Votre historique - résultats
Vous n’avez pas pris ce quiz